Otello
Αποθηκεύτηκε σε:
| Συλλογικό Έργο: | , |
|---|---|
| Άλλοι συγγραφείς: | , , , , |
| Μορφή: | Βίντεο VHS |
| Γλώσσα: | Italian English |
| Δημοσίευση: |
Hamburg :
Deutsche Grammophon,
p1987, c1974
|
| Θέματα: | |
| Ετικέτες: |
Προσθήκη ετικέτας
Δεν υπάρχουν, Καταχωρήστε ετικέτα πρώτοι!
|
MARC
| LEADER | 00000 gm a2200000 i 4500 | ||
|---|---|---|---|
| 001 | 1/72157 | ||
| 007 | vf cbaho | ||
| 008 | 050224s1987 ge itaod | ||
| 035 | |l 10076739 | ||
| 040 | |a GR-MY-UA |b gre |e aacr | ||
| 041 | 0 | |a ita |j eng | |
| 082 | 0 | |a 792.5 |2 (21 έκδ.) | |
| 245 | 1 | 0 | |a Otello |h [μαγνητοσκόπηση] / |c Giuseppe Verdi ; conductor Herbert von Karajan ; libretto Arrigo Boito |
| 260 | |a Hamburg : |b Deutsche Grammophon, |c p1987, c1974 | ||
| 300 | |a 1 βιντεοκασέτα (141 λεπτ.); |b ομιλ. έγχρ.; |c 4 3/4 ίν.+ |e 1 φυλλάδιο | ||
| 500 | |a Όπερα σε τέσσερις πράξεις | ||
| 500 | |a Στα ιταλικά με αγγλικούς υπότιτλους | ||
| 508 | |a Director and artistic supervisor Herbert von Karajan | ||
| 511 | |a Jon Vickers ; Mirella Freni ; Peter Glossop ; Deeutschen Oper Berlin ; Berliner Philharmoniker | ||
| 538 | |a VHS | ||
| 650 | 0 | 0 | |a Operas. |
| 700 | 1 | |a Verdi, Giuseppe |d 1813-1901. | |
| 700 | 1 | |a Karajan, Herbert von. |4 cnd |4 drt | |
| 700 | 1 | |a Vickers, Jon. |4 prf | |
| 700 | 1 | |a Freni, Mirella |d 1935- |4 prf | |
| 700 | 1 | |a Glossop, Peter |d 1928- |4 prf | |
| 710 | 1 | |a Deutsche Oper Berlin |b Chor. | |
| 710 | 2 | |a Berliner Philharmoniker. | |
| 852 | |a INST |b RHODES |c AV |e 20050224 |h 792.5 OTE |p 005400017729 |q 005400017729 |t VC |y 23 | ||
| 901 | |a BIBL4-2005-1 | ||
| 909 | |a Ρ |b 110497 | ||
| 922 | |a 4 |b 199502 |c ΒΙΒΛΙΟΘΗΚΗ | ||
| 970 | |a ΣΜΠΙΛΗ |b ΕΛΕΝΗ |z 2005/02/24 | ||